000 00526nam a22001817a 4500
999 _c193736
_d193736
005 20221114115724.0
010 _aENG-135679
020 _c120.00
035 _aEN-119211
037 _bDBAD/PUB
082 _a639.34
100 _aC.S. Tharadevi
245 _aHome aquarium/
_cC.S. Tharadevi and K.V. Jayashree
260 _aKanyakumari
_bSaras Publication
_c2012
270 _a114/35G A.R.P. Camp Road, Periavilai
_bKanyakumari
_e629002
300 _a198p.
_c22cm(pbk)
942 _2ddc
_cEN
_mTHA
_h639.34